|
|
|
|
| LEADER |
00000nam0a2200000 4500 |
| 001 |
272209 |
| 005 |
20231101234518.0 |
| 010 |
|
|
|a 9785868895111
|
| 035 |
|
|
|a (RuTPU)RU\TPU\book\295415
|
| 090 |
|
|
|a 272209
|
| 100 |
|
|
|a 20141016d2011 m y0rusy50 ca
|
| 101 |
0 |
|
|a rus
|
| 102 |
|
|
|a RU
|
| 105 |
|
|
|a a j 001zy
|
| 200 |
1 |
|
|a Моделирование и анализ бизнес-процессов
|e учебное пособие для вузов
|f В. А. Силич, М. П. Силич
|g Томский государственный университет систем управления и радиоэлектроники (ТУСУР)
|
| 210 |
|
|
|a Томск
|c Изд-во ТУСУР
|d 2011
|
| 215 |
|
|
|a 212 с.
|c ил.
|
| 320 |
|
|
|a Библиогр.: с. 209-211.
|
| 330 |
|
|
|a Рассматриваются вопросы моделирования и анализа бизнес-процессов, наиболее значимых при использовании различных технологий совершенствования бизнеса. Излагаются основы процессного подхода к организации деятельности предприятий. Рассматриваются современные методы моделирования процессов: структурные, объектно-ориентированные, имитационные, интегрированные. Приводятся различные методы анализа бизнес-процессов и окружения. Осуществляется обзор инструментальных средств, используемых для моделирования и анализа бизнеса. Описываются технологии непрерывного совершенствования процессов и реинжиниринга бизнес-процессов.
|
| 606 |
1 |
|
|a Бизнес
|x Теория
|2 stltpush
|3 (RuTPU)RU\TPU\subj\28637
|9 52152
|
| 610 |
1 |
|
|a моделирование
|
| 610 |
1 |
|
|a анализ
|
| 610 |
1 |
|
|a бизнес-процессы
|
| 610 |
1 |
|
|a процессный подход
|
| 610 |
1 |
|
|a управление
|
| 610 |
1 |
|
|a инструментальные средства
|
| 610 |
1 |
|
|a учебные пособия
|
| 686 |
|
|
|a У012.12я72
|v LBC/SL-A
|2 rubbk
|
| 700 |
|
1 |
|a Силич
|b В. А.
|c радиофизик
|c профессор Томского политехнического университета, доктор технических наук
|f 1946-
|g Виктор Алексеевич
|2 stltpush
|3 (RuTPU)RU\TPU\pers\18593
|
| 701 |
|
1 |
|a Силич
|b М. П.
|g Мария Петровна
|
| 712 |
0 |
2 |
|a Томский государственный университет систем управления и радиоэлектроники (ТУСУР)
|c (1997 - )
|2 stltpush
|3 (RuTPU)RU\TPU\col\422
|
| 801 |
|
1 |
|a RU
|b 63413507
|c 20141016
|
| 801 |
|
2 |
|a RU
|b 63413507
|c 20151105
|g RCR
|
| 942 |
|
|
|c BK
|